101 métiers - Statistiques

Statistiques générales
  • Ce quiz a été pris 2 420 fois
  • Le résultat moyen est 22 sur 101
Statistiques - réponses
Métiers % Correct
Professeur
77%
Policier
69%
Boulanger
65%
Pompier
65%
Vendeur
62%
Infirmier
58%
Docteur
57%
Avocat
55%
Cuisinier
54%
Agriculteur
53%
Dentiste
50%
Plombier
50%
Boucher
46%
Serveur
44%
Acteur
43%
Caissier
43%
Eléctricien
43%
Coiffeur
42%
Chirurgien
41%
Chauffeur
40%
Maçon
40%
Gendarme
38%
Pâtissier
37%
Architecte
36%
Vétérinaire
36%
Pilote
35%
Mécanicien
34%
Ingénieur
32%
Secrétaire
32%
Pharmacien
31%
Journaliste
29%
Facteur
28%
Jardinier
28%
Fleuriste
27%
Militaire
27%
Comptable
26%
Psychologue
26%
Ambulancier
25%
Sportif
25%
Ecrivain
24%
Kinésithérapeute
23%
Musicien
23%
Sage-femme
21%
Ouvrier
20%
Apiculteur
19%
Esthéticien
18%
Poissonnier
18%
Opticien
17%
Hôtesse de l’air
16%
Notaire
15%
Educateur
14%
Technicien
14%
Coach
13%
Comédien
13%
Juriste
13%
Photographe
13%
Bijoutier
12%
Eleveur
12%
Influenceur
12%
Libraire
12%
Pédiatre
11%
Styliste
11%
Agent de sécurité
10%
Bûcheron
10%
Masseur
10%
Orthophoniste
10%
Ostéopathe
10%
Politicien
10%
Serrurier
9%
Huissier
8%
Chocolatier
6%
Traducteur
6%
Traiteur
6%
Anesthésiste
5%
Arbitre
5%
Biologiste
5%
Camionneur
5%
Magicien
5%
Tatoueur
5%
Greffier
4%
Garde du corps
3%
Sociologue
3%
Auxiliaire de vie
2%
Météorologue
2%
Nutritionniste
2%
Orthopédiste
2%
Poète
2%
Rédacteur
2%
Cartographe
1%
Designeur
1%
Fromagier
1%
Maître-chien
1%
Majordome
1%
Menusier
1%
Modéliste
1%
Pisciniste
1%
Responsable marketing
1%
Webdesigner
1%
Philiosophe
0%
Préparateur physique
0%
Vigneuron
0%
Aucun quiz correspondant
Distribution des résultats
% des personnes avec chaque résultat
Percentile par nombre de réponses
Votre historique - résultats
Vous n’avez pas pris ce quiz